000 00741nam a22002055i 4500
001 163503
003 ES-MaACL
005 20230906212742.0
008 990701s1889 fr ad |||| | fre d
080 _a612.5
100 1 _aRichet, Charles (
_d1850-1935)
_996954
245 1 3 _aLa chaleur animale /
_cpar Ch. Richet.
260 _aParis :
_bAncienne Librairie Germer Baillière et Cª :
_bFélix Alcan,
_c1889 (
_fImp. Réunies)
300 _a307 p. :
_bil. ;
_c22 cm.
490 1 _aBibliothèque scientifique internationale ;
_v65
650 4 _aTemperatura corporal.
_9136919
830 1 _aBibliothèque scientifique internationale ;
_v65
_9186949
852 _aES-MaACL
_jF-14394
_z- Enc. ed. en tela grab.
999 _c163503
_d163503